000 00448nam a22001577a 4500
020 _a81-7684-408-X
082 _a628.1
_bMHA
_cL-38, P--102
100 _aMahajan, Sanjay
_944109
245 _aWater supply and wastewater/
_cMahajan, Sanjay
250 _a1st volume
260 _aJallandhar City;
_bSumitra Handa.
_c2007.
300 _a512p.:
_bill,;
_c10 cm.
526 _a0
_b0
_c0
_d628_100000000000000_MHA
650 _aMCE
_9379
942 _2ddc
_cBK
999 _c547937
_d547937